00684nam a2200229Ia 4500003000900000008004100009040001300050040001300063041000800076100002600084245002500110250001500135260002700150260000900177300001100186300001200197490000600209600001700215942000700232999001700239952019800256IT-RoPAU120407s9999 xx 000 0 und d aIT-RoPAU cIT-RoPAU afra aMarie-Maximin Frère aRegardez l’Etoile. aMontréal aCentre Marial Canadien c1950 a762 p. c20,5 cm v1 a1. Maria ss. cBK c36662d36662 00102ddc406243_63000000000000071aPAULUSbPAULUSd2012-04-11l0o243.63r2012-04-11 00:00:00w2012-04-11yBKzInserito da: Jole In data: 12 settembre 2011 fondo: Via A.Severo 56 Progr:30765